A Textbook of Organic Chemistry / (Record no. 36163)

MARC details
000 -LEADER
fixed length control field 00472nam a22001817a 4500
005 - DATE AND TIME OF LATEST TRANSACTION
control field 20240722102942.0
008 - FIXED-LENGTH DATA ELEMENTS--GENERAL INFORMATION
fixed length control field 240722b |||||||| |||| 00| 0 eng d
020 ## - INTERNATIONAL STANDARD BOOK NUMBER
ISBN 8121926149
082 ## - DEWEY DECIMAL CLASSIFICATION NUMBER
Classification number 612
Item number BAH-T
100 ## - MAIN ENTRY--AUTHOR
Author Name Bahl Arun
245 ## - TITLE STATEMENT
Title A Textbook of Organic Chemistry /
250 ## - EDITION STATEMENT
Edition statement Latest Edition
260 ## - PUBLICATION, DISTRIBUTION, ETC.
Place of Publication India;
Name of publisher, distributor, etc. Chand ;
Date of publication, distribution, etc. 2006
300 ## - PHYSICAL DESCRIPTION
Pages 1006p.
500 ## - GENERAL NOTE
General note include index.<br/>
650 ## - SUBJECT ADDED ENTRY--TOPICAL TERM
Subject / Department Medical / Organic Chemistry
300 ## - PHYSICAL DESCRIPTION
-- ill;
-- 24 cm.
952 ## - LOCATION AND ITEM INFORMATION (KOHA)
-- 0
-- 0
952 ## - LOCATION AND ITEM INFORMATION (KOHA)
-- 0
-- 0
952 ## - LOCATION AND ITEM INFORMATION (KOHA)
-- 0
-- 0
952 ## - LOCATION AND ITEM INFORMATION (KOHA)
-- 0
-- 0
952 ## - LOCATION AND ITEM INFORMATION (KOHA)
-- 0
-- 0
952 ## - LOCATION AND ITEM INFORMATION (KOHA)
-- 0
-- 0
952 ## - LOCATION AND ITEM INFORMATION (KOHA)
-- 0
-- 0
952 ## - LOCATION AND ITEM INFORMATION (KOHA)
-- 0
-- 0
Holdings
Lost status Damaged status Collection code Permanent Location Current Location Shelving Location Date acquired Full Call Number Accession No./Barcode Date last seen Copy number item type Koha item type
    Medical Superior Information Resource Center (SIRC) Superior University- Central Library Superior Information Resource Center (SIRC) Superior University- Central Library Organic Chemistry 07/22/2024 612 BAH-T 2006 11109 10/17/2025 1 BOOK BOOK
    Medical Superior Information Resource Center (SIRC) Superior University- Central Library Superior Information Resource Center (SIRC) Superior University- Central Library Organic Chemistry 07/22/2024 612 BAH-T 2006 11110 03/02/2026 2 BOOK BOOK
    Medical Superior Information Resource Center (SIRC) Superior University- Central Library Superior Information Resource Center (SIRC) Superior University- Central Library Organic Chemistry 07/22/2024 612 BAH-T 2006 11112 07/22/2024 3 BOOK BOOK
    Medical Superior Information Resource Center (SIRC) Superior University- Central Library Superior Information Resource Center (SIRC) Superior University- Central Library Organic Chemistry 07/22/2024 612 BAH-T 2006 11114 07/22/2024 4 BOOK BOOK
    Medical Superior Information Resource Center (SIRC) Superior University- Central Library Superior Information Resource Center (SIRC) Superior University- Central Library Organic Chemistry 07/22/2024 612 BAH-T 2006 11115 11/13/2025 5 BOOK BOOK
    Medical Superior Information Resource Center (SIRC) Superior University- Central Library Superior Information Resource Center (SIRC) Superior University- Central Library Organic Chemistry 07/22/2024 612 BAH-T 2006 11116 07/22/2024 6 BOOK BOOK
    Medical Superior Information Resource Center (SIRC) Superior University- Central Library Superior Information Resource Center (SIRC) Superior University- Central Library Organic Chemistry 07/22/2024 612 BAH-T 2006 15302 10/20/2025 7 BOOK BOOK
    Medical Superior Information Resource Center (SIRC) Superior University- Central Library Superior Information Resource Center (SIRC) Superior University- Central Library Organic Chemistry 07/22/2024 612 BAH-T 2006 15303 10/16/2025 8 BOOK BOOK

Powered by Koha